00000000nam##2200000za#4500
0019.611314
003CaOODSP
00520200327122052
007ta
008150406|1994||||xxc|||||     f|0| 0 eng|d
022 |a0706-6457
040 |aCaOODSP|beng
043 |an-cn---
0861 |aFs97-6/1969E
1101 |aCanada. |bDepartment of Fisheries and Oceans.
24510|aObservations on two mytilid species from a Nova Scotian mussel farm / |cby K. R. Freeman et al.
260 |aOttawa - Ontario : |bFisheries and Oceans Canada |c1994.
300 |a47p. : |bfigs., graphs, tables ; |c28 cm.
4901 |aCanadian technical report of fisheries and aquatic sciences|x0706-6457|v1969
500 |aPrepared in the Molluscan Fisheries and Aquaculture Section, Benthic Fisheries and Aquaculture Division, Biological Sciences Branch, Department of Fisheries and Oceans, P.O. Box 550, Halifax, Nova Scotia B3J 2S7
546 |aRésumés en français
563 |aSoftcover
69007|aShellfish|2gcpds
7201 |aFreeman, K.R.
7760#|tObservations on two mytilid species from a Nova Scotian mussel farm / |w(CaOODSP)9.573771
830#0|aCanadian technical report of fisheries and aquatic sciences,|x0706-6457|v1969|w(CaOODSP)9.514691